Normal view
MARC view
- C3I System
Entry Topical Term
001 - CONTROL NUMBER
- control field: 131090
003 - CONTROL NUMBER IDENTIFIER
- control field: NUST
005 - DATE AND TIME OF LATEST TRANSACTION
- control field: 20251009174324.0
008 - FIXED-LENGTH DATA ELEMENTS
- fixed length control field: 251009|| aca||aabn | a|a d
040 ## - CATALOGING SOURCE
- Original cataloging agency: NUST
- Transcribing agency: NUST
150 ## - HEADING--TOPICAL TERM
- Topical term or geographic name entry element: C3I System
670 ## - SOURCE DATA FOUND
- Source citation: Work cat.: (NUST): Jane's C3I System 1989-90 /, 1989
